[Event "SRB-chT 2nd League"]
[Site "Novi Sad"]
[Date "2023.11.08"]
[Round "9.1"]
[White "Balla, Tamas Kristof"]
[Black "Somborski, Nebojsa"]
[Result "1/2-1/2"]
[WhiteElo "2285"]
[BlackElo "2266"]
[PlyCount "25"]
[EventDate "2023.11.02"]
[EventType "team-tourn"]
[EventRounds "11"]
[EventCountry "SRB"]
[SourceTitle "CB46_2023"]
[SourceDate "2023.11.15"]
[SourceVersion "1"]
[SourceVersionDate "2023.11.15"]
[SourceQuality "1"]
[WhiteTeam "Senta"]
[BlackTeam "Zlatica"]
[WhiteTeamCountry "SRB"]
[BlackTeamCountry "SRB"]

1. d4 d5 2. c4 e6 3. Nc3 Be7 4. Nf3 Nf6 5. cxd5 exd5 6. Bg5 c6 7. Qc2 g6 8. e3 Bf5 9. Bd3 Bxd3 10. Qxd3 Nbd7 11. 0-0 0-0 12. Rab1 a5 13. Nd2 1/2-1/2

[Event "SRB-chT 2nd League"]
[Site "Novi Sad"]
[Date "2023.11.06"]
[Round "7.1"]
[White "Nevednichy, Vladislav"]
[Black "Somborski, Nebojsa"]
[Result "1-0"]
[WhiteElo "2447"]
[BlackElo "2266"]
[PlyCount "101"]
[EventDate "2023.11.02"]
[EventType "team-tourn"]
[EventRounds "11"]
[EventCountry "SRB"]
[SourceTitle "CB46_2023"]
[SourceDate "2023.11.15"]
[SourceVersion "1"]
[SourceVersionDate "2023.11.15"]
[SourceQuality "1"]
[WhiteTeam "Mladenovo"]
[BlackTeam "Zlatica"]
[WhiteTeamCountry "SRB"]
[BlackTeamCountry "SRB"]

1. e4 e5 2. Nf3 Nc6 3. Bc4 Nf6 4. d3 Be7 5. 0-0 0-0 6. Re1 d6 7. a4 Na5 8. Ba2 c5 9. c3 Nc6 10. Na3 a6 11. h3 h6 12. Bd2 Re8 13. Nc4 Be6 14. Ne3 Bxa2 15. Rxa2 d5 16. exd5 Nxd5 17. Nc4 Bf6 18. a5 Re6 19. Ra1 Qe7 20. g3 Rd8 21. Qc2 Qd7 22. Rad1 Ree8 23. Kg2 Qc7 24. Qa4 Re6 25. Bc1 Rde8 26. Re2 Bd8 27. Qb3 Qd7 28. Rde1 Bc7 29. Qa3 Nf6 30. Rd2 Qd5 31. Ne3 Qd7 32. Nc4 Qd5 33. Ne3 Qd7 34. Qxc5 Nxa5 35. Qa3 Nc6 36. Qb3 b5 37. Qd1 Bb6 38. Nh4 Nh7 39. Qg4 Bxe3 40. Rxe3 Qd5+ 41. Qf3 Rd8 42. Qxd5 Rxd5 43. b4 Nf6 44. Ra2 Nb8 45. Nf3 Nfd7 46. d4 exd4 47. Nxd4 Rxe3 48. Bxe3 h5 49. Bf4 g5 50. Bc7 f6 51. Kf3 1-0

[Event "SRB-chT 2nd League"]
[Site "Vrnjacka Banja"]
[Date "2022.11.07"]
[Round "5.6"]
[White "Kopasz, Robert"]
[Black "Somborski, Nebojsa"]
[Result "1/2-1/2"]
[WhiteElo "2239"]
[BlackElo "2274"]
[PlyCount "73"]
[EventDate "2022.11.04"]
[EventType "team-tourn"]
[EventRounds "11"]
[EventCountry "SRB"]
[SourceTitle "CBM 211 Extra"]
[Source "ChessBase"]
[SourceDate "2023.01.31"]
[SourceVersion "1"]
[SourceVersionDate "2023.01.31"]
[SourceQuality "1"]
[WhiteTeam "Senta"]
[BlackTeam "Jazak Car Uros"]
[WhiteTeamCountry "SRB"]
[BlackTeamCountry "SRB"]

1. e4 e5 2. Nf3 Nc6 3. Bb5 a6 4. Ba4 Nf6 5. 0-0 Be7 6. Re1 b5 7. Bb3 d6 8. c3 0-0 9. d3 Na5 10. Bc2 c5 11. Nbd2 Nc6 12. Nf1 Be6 13. Ng3 h6 14. h3 Rc8 15. Nh2 Re8 16. Qf3 d5 17. Nf5 Bxf5 18. Qxf5 d4 19. Ng4 Nxg4 20. hxg4 Bg5 21. Bb3 Rc7 22. Bd5 dxc3 23. bxc3 b4 24. Bxg5 hxg5 25. Rac1 bxc3 26. Bxc6 Rxc6 27. Rxc3 Qd4 28. Rec1 Rf6 29. Rc4 Rxf5 30. Rxd4 cxd4 31. gxf5 Rb8 32. Rc6 Rb1+ 33. Kh2 Rd1 34. Rxa6 Rxd3 35. Ra8+ Kh7 36. a4 Ra3 37. a5 1/2-1/2

[Event "SRB-chT 2nd League"]
[Site "Vrnjacka Banja"]
[Date "2022.11.06"]
[Round "3.5"]
[White "Pajcin, Lav"]
[Black "Somborski, Nebojsa"]
[Result "1/2-1/2"]
[WhiteElo "2134"]
[BlackElo "2274"]
[PlyCount "52"]
[EventDate "2022.11.04"]
[EventType "team-tourn"]
[EventRounds "11"]
[EventCountry "SRB"]
[SourceTitle "CBM 211 Extra"]
[Source "ChessBase"]
[SourceDate "2023.01.31"]
[SourceVersion "1"]
[SourceVersionDate "2023.01.31"]
[SourceQuality "1"]
[WhiteTeam "Gajdobra Hercegovac"]
[BlackTeam "Jazak Car Uros"]
[WhiteTeamCountry "SRB"]
[BlackTeamCountry "SRB"]

1. e4 e5 2. Nf3 Nc6 3. Bb5 a6 4. Ba4 Nf6 5. 0-0 Be7 6. d3 b5 7. Bb3 d6 8. a3 0-0 9. Nc3 Na5 10. Ba2 Be6 11. b4 Bxa2 12. Rxa2 Nc6 13. Bg5 Ne8 14. Bxe7 Nxe7 15. a4 a5 16. Qb1 axb4 17. Qxb4 bxa4 18. Rxa4 Nf6 19. Rfa1 Rxa4 20. Rxa4 Qd7 21. Qb7 Qc8 22. Ra7 Qxb7 23. Rxb7 Rc8 24. Nb5 Ne8 25. Kf1 Kf8 26. c4 Nc6 1/2-1/2

[Event "SRB-chT 2nd League"]
[Site "Vrnjacka Banja"]
[Date "2022.11.05"]
[Round "2.3"]
[White "Somborski, Nebojsa"]
[Black "Stamenkovic, Aleksandar"]
[Result "1/2-1/2"]
[WhiteElo "2274"]
[BlackElo "2203"]
[PlyCount "40"]
[EventDate "2022.11.04"]
[EventType "team-tourn"]
[EventRounds "11"]
[EventCountry "SRB"]
[SourceTitle "CBM 211 Extra"]
[Source "ChessBase"]
[SourceDate "2023.01.31"]
[SourceVersion "1"]
[SourceVersionDate "2023.01.31"]
[SourceQuality "1"]
[WhiteTeam "Jazak Car Uros"]
[BlackTeam "Nova Pazova Mladost"]
[WhiteTeamCountry "SRB"]
[BlackTeamCountry "SRB"]

1. e4 e5 2. Nf3 Nc6 3. Bb5 Nf6 4. 0-0 Nxe4 5. d4 Nd6 6. Bxc6 dxc6 7. dxe5 Nf5 8. Qxd8+ Kxd8 9. Nc3 Ne7 10. h3 Ng6 11. Bg5+ Be7 12. Rad1+ Ke8 13. Bxe7 Kxe7 14. Nd4 Bd7 15. f4 Rad8 16. Ne4 Bc8 17. g4 h5 18. Nf5+ Bxf5 19. gxf5 Rxd1 20. Rxd1 Nxf4 1/2-1/2

[Event "Vojvodina-chT 21st"]
[Site "Backa Palanka"]
[Date "2021.10.25"]
[Round "4.2"]
[White "Milenkovic, Mladen"]
[Black "Somborski, Nebojsa"]
[Result "1-0"]
[WhiteElo "2341"]
[BlackElo "2283"]
[PlyCount "79"]
[EventDate "2021.10.23"]
[EventType "team-tourn"]
[EventRounds "11"]
[EventCountry "SRB"]
[SourceTitle "CBM 204 Extra"]
[Source "ChessBase"]
[SourceDate "2021.11.30"]
[SourceVersion "1"]
[SourceVersionDate "2021.11.30"]
[SourceQuality "1"]
[WhiteTeam "Opovo Bata Cosic"]
[BlackTeam "Jazak Car Uros"]
[WhiteTeamCountry "SRB"]
[BlackTeamCountry "SRB"]

1. e4 e5 2. Nf3 Nc6 3. d4 exd4 4. Nxd4 Qf6 5. Be3 Bc5 6. c3 Nge7 7. Nc2 Bxe3 8. Nxe3 d6 9. Be2 0-0 10. Nd2 Qg6 11. g4 d5 12. exd5 Ne5 13. f4 Nd3+ 14. Bxd3 Qxd3 15. Qe2 Qxe2+ 16. Kxe2 Rd8 17. c4 b5 18. Rhd1 bxc4 19. Ndxc4 Bb7 20. d6 cxd6 21. Nxd6 Ba6+ 22. Kf3 Kf8 23. Rac1 Rd7 24. Ndc4 Rad8 25. Rxd7 Rxd7 26. b3 f6 27. h4 h6 28. Rc3 Nc6 29. Nf5 Nb4 30. a3 Nc6 31. h5 Bb7 32. Ncd6 Nd4+ 33. Ke3 Nxf5+ 34. Nxf5 Bd5 35. b4 Be6 36. Rc6 Kf7 37. Nd6+ Kf8 38. f5 Bd5 39. Ra6 Bg2 40. a4 1-0

[Event "Vojvodina-chT 21st"]
[Site "Backa Palanka"]
[Date "2021.10.24"]
[Round "2.2"]
[White "Somborski, Nebojsa"]
[Black "Kostic, Filip"]
[Result "1-0"]
[WhiteElo "2283"]
[BlackElo "2191"]
[PlyCount "99"]
[EventDate "2021.10.23"]
[EventType "team-tourn"]
[EventRounds "11"]
[EventCountry "SRB"]
[SourceTitle "CBM 204 Extra"]
[Source "ChessBase"]
[SourceDate "2021.11.30"]
[SourceVersion "1"]
[SourceVersionDate "2021.11.30"]
[SourceQuality "1"]
[WhiteTeam "Jazak Car Uros"]
[BlackTeam "Backa Palanka"]
[WhiteTeamCountry "SRB"]
[BlackTeamCountry "SRB"]

1. e4 d5 2. exd5 Nf6 3. Nf3 Nxd5 4. d4 g6 5. c4 Nb6 6. Nc3 Bg7 7. c5 Nd5 8. Bc4 c6 9. Qb3 0-0 10. 0-0 Nxc3 11. bxc3 b5 12. cxb6 axb6 13. Re1 b5 14. Bd3 Be6 15. Rxe6 fxe6 16. Qxe6+ Kh8 17. Ng5 Qd7 18. Nf7+ Rxf7 19. Qxf7 e5 20. Qxd7 Nxd7 21. Be3 Ra3 22. d5 cxd5 23. Bxb5 Nf6 24. Bc1 Rxc3 25. a4 Rb3 26. Bc6 Rb6 27. Bb5 Ne4 28. Bd3 Nc5 29. a5 Rb8 30. Rb1 Rxb1 31. Bxb1 e4 32. Ba3 Na6 33. Ba2 Bc3 34. Bxd5 Nc7 35. Bc4 Kg7 36. a6 Bd4 37. Bd6 Nxa6 38. Bxa6 Kf6 39. Kf1 Ke6 40. Bf4 Kd5 41. Be3 Be5 42. h3 h5 43. Bc8 Bf6 44. g4 hxg4 45. hxg4 Bc3 46. Kg2 Ke5 47. Kh3 Bb4 48. Bd7 Be7 49. g5 Bb4 50. Kg4 1-0

[Event "Novi Sad-Turkey"]
[Site "Novi Sad"]
[Date "2018.11.23"]
[Round "10"]
[White "Somborski, Nebojsa"]
[Black "Ozsoy, Alimert"]
[Result "1-0"]
[WhiteElo "2312"]
[BlackElo "2079"]
[PlyCount "91"]
[EventDate "2018.11.17"]
[EventType "schev"]
[EventRounds "10"]
[EventCountry "SRB"]
[SourceTitle "CBM 187 Extra"]
[Source "ChessBase"]
[SourceDate "2018.11.04"]
[SourceVersion "1"]
[SourceVersionDate "2018.11.04"]
[SourceQuality "1"]

1. e4 c6 2. d4 d5 3. Nc3 dxe4 4. Nxe4 Bf5 5. Ng3 Bg6 6. h4 h6 7. Nf3 Nd7 8. h5 Bh7 9. Bd3 Bxd3 10. Qxd3 e6 11. Bd2 Ngf6 12. 0-0-0 Be7 13. Kb1 0-0 14. Ne4 Nxe4 15. Qxe4 Nf6 16. Qe2 Qd5 17. Be3 Rad8 18. Ne5 c5 19. c4 Qe4+ 20. Qc2 cxd4 21. Qxe4 Nxe4 22. Bxd4 Bf6 23. Rhe1 Nxf2 24. Bxf2 Rxd1+ 25. Rxd1 Bxe5 26. Rd7 Rc8 27. b3 Rc7 28. Rxc7 Bxc7 29. Bxa7 f5 30. b4 Kf7 31. b5 Ke7 32. c5 Kd7 33. c6+ Kc8 34. cxb7+ Kxb7 35. Bc5 Bd8 36. Kc2 e5 37. a4 e4 38. Bf8 Kb6 39. Bxg7 Bg5 40. Bd4+ Ka5 41. Bc3+ Kb6 42. Kb3 Kc5 43. Bb4+ Kd5 44. a5 Bf4 45. a6 Be3 46. Bd2 1-0

[Event "Novi Sad-Turkey"]
[Site "Novi Sad"]
[Date "2018.11.21"]
[Round "7"]
[White "Sahin, Ozgun"]
[Black "Somborski, Nebojsa"]
[Result "1/2-1/2"]
[WhiteElo "2208"]
[BlackElo "2312"]
[PlyCount "85"]
[EventDate "2018.11.17"]
[EventType "schev"]
[EventRounds "10"]
[EventCountry "SRB"]
[SourceTitle "CBM 187 Extra"]
[Source "ChessBase"]
[SourceDate "2018.11.04"]
[SourceVersion "1"]
[SourceVersionDate "2018.11.04"]
[SourceQuality "1"]

1. e4 e5 2. Nc3 Nf6 3. g3 d5 4. exd5 Nxd5 5. Bg2 Nxc3 6. bxc3 Bd6 7. Rb1 c6 8. Ne2 0-0 9. 0-0 Nd7 10. d3 Nf6 11. c4 Re8 12. Nc3 h6 13. h3 Bc5 14. Na4 Bf8 15. Be3 Qa5 16. c3 e4 17. d4 Be6 18. Rxb7 Bxc4 19. Re1 Ba6 20. Rb1 Bd3 21. Ra1 Rab8 22. Bd2 Qb5 23. Bf1 Bxf1 24. Rxf1 c5 25. Nxc5 Bxc5 26. dxc5 Red8 27. Qe1 Qxc5 28. Be3 Qh5 29. Kg2 Qf3+ 30. Kh2 Rd5 31. Bd4 Nh7 32. Qd1 Ng5 33. h4 Qxd1 34. Rfxd1 Nf3+ 35. Kg2 Rbd8 36. Rab1 Nxd4 37. cxd4 Rxd4 38. Rxd4 Rxd4 39. Rb8+ Kh7 40. Rb7 Ra4 41. Rxf7 Rxa2 42. Re7 a5 43. Rxe4 1/2-1/2

[Event "Novi Sad-Turkey"]
[Site "Novi Sad"]
[Date "2018.11.20"]
[Round "5"]
[White "Ozsoy, Alimert"]
[Black "Somborski, Nebojsa"]
[Result "0-1"]
[WhiteElo "2079"]
[BlackElo "2312"]
[PlyCount "154"]
[EventDate "2018.11.17"]
[EventType "schev"]
[EventRounds "10"]
[EventCountry "SRB"]
[SourceTitle "CBM 187 Extra"]
[Source "ChessBase"]
[SourceDate "2018.11.04"]
[SourceVersion "1"]
[SourceVersionDate "2018.11.04"]
[SourceQuality "1"]

1. d4 d5 2. Nf3 Nf6 3. Bf4 e6 4. e3 Bd6 5. Bxd6 Qxd6 6. c4 c6 7. Nc3 Nbd7 8. Be2 0-0 9. 0-0 b6 10. Qc2 Bb7 11. cxd5 exd5 12. Nd2 c5 13. Bf3 Rac8 14. Rad1 Rfd8 15. Rfe1 a6 16. Qd3 b5 17. e4 dxe4 18. Ndxe4 Bxe4 19. Nxe4 Nxe4 20. Bxe4 g6 21. h4 cxd4 22. Qxd4 Qxd4 23. Rxd4 Nc5 24. Red1 Rxd4 25. Rxd4 Nxe4 26. Rxe4 Rc1+ 27. Kh2 Rc2 28. Rb4 Rxf2 29. a4 Rf5 30. Kg3 Kf8 31. Re4 h5 32. Kh3 Rd5 33. Kh2 Kg7 34. Kg1 Kf6 35. Kh2 Rc5 36. Kg3 Re5 37. Rd4 Ke7 38. Kf3 Ke6 39. g4 hxg4+ 40. Kxg4 Rc5 41. axb5 axb5 42. Re4+ Kd6 43. Rd4+ Ke6 44. b3 Rd5 45. Rf4 Rh5 46. Rb4 f6 47. Rd4 f5+ 48. Kg3 g5 49. hxg5 Rxg5+ 50. Kf3 Rg4 51. Rd8 Rb4 52. Rd3 Ke5 53. Ke3 Rh4 54. Ke2 Re4+ 55. Kf2 Rd4 56. Rc3 Kd5 57. Ke2 Ke4 58. Re3+ Kd5 59. Rc3 Rh4 60. Rf3 Ke5 61. Rc3 Rh2+ 62. Ke1 Kd4 63. Rf3 b4 64. Rxf5 Kc3 65. Rf3+ Kb2 66. Rg3 Rh8 67. Rd3 Rc8 68. Ke2 Rc2+ 69. Kd1 Rc3 70. Rd8 Kxb3 71. Kd2 Kb2 72. Rb8 b3 73. Rb7 Rc8 74. Rd7 Ka2 75. Ra7+ Kb1 76. Rb7 b2 77. Rb6 Rd8+ 0-1

[Event "Novi Sad-Turkey"]
[Site "Novi Sad"]
[Date "2018.11.20"]
[Round "6"]
[White "Somborski, Nebojsa"]
[Black "Uzumcu, Ahmet Utku"]
[Result "1-0"]
[WhiteElo "2312"]
[BlackElo "2083"]
[PlyCount "87"]
[EventDate "2018.11.17"]
[EventType "schev"]
[EventRounds "10"]
[EventCountry "SRB"]
[SourceTitle "CBM 187 Extra"]
[Source "ChessBase"]
[SourceDate "2018.11.04"]
[SourceVersion "1"]
[SourceVersionDate "2018.11.04"]
[SourceQuality "1"]

1. e4 c5 2. Nf3 d6 3. d4 cxd4 4. Nxd4 Nf6 5. Nc3 a6 6. Be2 e5 7. Nb3 Be7 8. Be3 0-0 9. g4 Be6 10. g5 Nfd7 11. h4 Nc6 12. Qd2 Rc8 13. 0-0-0 Na5 14. Kb1 Nc4 15. Bxc4 Rxc4 16. f4 exf4 17. Bxf4 Ne5 18. Nd4 Bg4 19. Rdf1 Rb4 20. Nb3 a5 21. Nd5 Rxe4 22. Qxa5 Be6 23. Qxd8 Bxd8 24. Nc3 Rc4 25. Nb5 Be7 26. N3d4 Bd7 27. b3 Rc5 28. a4 Bxb5 29. Nxb5 Rfc8 30. Rh2 Bf8 31. Rd2 R8c6 32. Be3 Rc3 33. Nxc3 Rxc3 34. Bd4 Rc8 35. Bxe5 dxe5 36. Rd7 b6 37. Rdxf7 Bc5 38. Rd7 e4 39. Kc1 e3 40. Kd1 Bb4 41. c4 Re8 42. Ke2 Bc5 43. Rfd1 Be7 44. R1d5 1-0

[Event "Novi Sad-Turkey"]
[Site "Novi Sad"]
[Date "2018.11.18"]
[Round "2"]
[White "Somborski, Nebojsa"]
[Black "Sahin, Ozgun"]
[Result "1/2-1/2"]
[WhiteElo "2312"]
[BlackElo "2208"]
[PlyCount "91"]
[EventDate "2018.11.17"]
[EventType "schev"]
[EventRounds "10"]
[EventCountry "SRB"]
[SourceTitle "CBM 187 Extra"]
[Source "ChessBase"]
[SourceDate "2018.11.04"]
[SourceVersion "1"]
[SourceVersionDate "2018.11.04"]
[SourceQuality "1"]

1. e4 c5 2. Nf3 Nc6 3. d4 cxd4 4. Nxd4 g6 5. Nc3 Bg7 6. Be3 Nf6 7. Bc4 0-0 8. Bb3 d6 9. f3 Bd7 10. Qd2 Nxd4 11. Bxd4 b5 12. a4 b4 13. Nd5 Nxd5 14. exd5 a5 15. h4 e5 16. dxe6 Bxe6 17. 0-0-0 Bxb3 18. cxb3 Qc8+ 19. Kb1 Qf5+ 20. Qd3 Qxd3+ 21. Rxd3 Bxd4 22. Rxd4 Rfd8 23. Rhd1 Ra6 24. Rd5 Kf8 25. Rb5 Rd7 26. Rdd5 Rda7 27. g4 h6 28. Kc2 Ke7 29. Kd3 Ke6 30. f4 Ra8 31. Ke3 R8a7 32. h5 Kf6 33. Kd3 Ra8 34. g5+ Kg7 35. hxg6 Kxg6 36. gxh6 Kxh6 37. Rg5 f6 38. Rg1 Rc8 39. f5 Rc5 40. Rb8 Kh7 41. Rb7+ Kh8 42. Rh1+ Kg8 43. Rb8+ Kg7 44. Rb7+ Kg8 45. Rb8+ Kg7 46. Rb7+ 1/2-1/2

[Event "SRB-chT"]
[Site "Valjevo"]
[Date "2018.09.08"]
[Round "9.1"]
[White "Ivanisevic, Ivan"]
[Black "Somborski, Nebojsa"]
[Result "1-0"]
[WhiteElo "2574"]
[BlackElo "2310"]
[PlyCount "79"]
[EventDate "2018.08.31"]
[EventType "team-tourn"]
[EventRounds "11"]
[EventCountry "SRB"]
[SourceTitle "CBM 186 Extra"]
[Source "ChessBase"]
[SourceDate "2018.08.24"]
[SourceVersion "1"]
[SourceVersionDate "2018.08.24"]
[SourceQuality "1"]
[WhiteTeam "Ruma Sloven"]
[BlackTeam "Krajisnik Krajina"]
[WhiteTeamCountry "SRB"]
[BlackTeamCountry "SRB"]

1. d4 d5 2. c4 e6 3. Nf3 Nf6 4. e3 Be7 5. Nc3 0-0 6. b3 b6 7. Bb2 Bb7 8. cxd5 exd5 9. g3 Nbd7 10. Bg2 Re8 11. 0-0 Bd6 12. Rc1 a6 13. Rc2 Qe7 14. Qc1 Rad8 15. Ne2 Ne4 16. Nf4 c5 17. Rd1 Ndf6 18. Nh4 Bxf4 19. exf4 c4 20. bxc4 dxc4 21. Nf5 Qe6 22. Bh3 Qd5 23. Ne3 Qh5 24. Bg2 b5 25. g4 Qh4 26. f3 Nd6 27. d5 Nxd5 28. Nxd5 Bxd5 29. Rcd2 Nb7 30. Qc3 f6 31. Rxd5 Rxd5 32. Rxd5 Re2 33. Qd4 Qe1+ 34. Bf1 b4 35. Rd7 c3 36. Qc4+ Re6 37. Bc1 Na5 38. Rd8+ Kf7 39. Qc7+ Re7 40. Qxa5 1-0

[Event "SRB-chT"]
[Site "Valjevo"]
[Date "2018.09.05"]
[Round "6.1"]
[White "Somborski, Nebojsa"]
[Black "Banusz, Tamas"]
[Result "1-0"]
[WhiteElo "2310"]
[BlackElo "2612"]
[PlyCount "81"]
[EventDate "2018.08.31"]
[EventType "team-tourn"]
[EventRounds "11"]
[EventCountry "SRB"]
[SourceTitle "CBM 186 Extra"]
[Source "ChessBase"]
[SourceDate "2018.08.24"]
[SourceVersion "1"]
[SourceVersionDate "2018.08.24"]
[SourceQuality "1"]
[WhiteTeam "Krajisnik Krajina"]
[BlackTeam "Kraljevo Sloga Turist"]
[WhiteTeamCountry "SRB"]
[BlackTeamCountry "SRB"]

1. e4 e5 2. Nf3 Nc6 3. Bb5 a6 4. Ba4 Nge7 5. c3 g6 6. d4 exd4 7. cxd4 b5 8. Bb3 Bg7 9. 0-0 0-0 10. d5 Na5 11. Bd2 c5 12. Bc3 d6 13. Bxg7 Kxg7 14. Nbd2 Bd7 15. Re1 f6 16. Bc2 Qb6 17. b3 Ng8 18. h3 Nh6 19. Nf1 Nf7 20. Qd2 Rac8 21. Rac1 Ne5 22. N1h2 Nb7 23. Qe3 Qa5 24. Bb1 Qb4 25. Red1 Rfe8 26. Ne1 Re7 27. Qg3 c4 28. Nc2 Qc5 29. b4 Qb6 30. Nd4 Nd3 31. Qe3 Kf7 32. Bxd3 cxd3 33. Rxc8 Bxc8 34. Rxd3 Rc7 35. Qh6 Kg8 36. Nc6 Rf7 37. Qc1 f5 38. exf5 Bxf5 39. Re3 Nd8 40. Ne7+ Kf8 41. Qc3 1-0

[Event "SRB-chT"]
[Site "Valjevo"]
[Date "2018.09.02"]
[Round "3.1"]
[White "Yilmaz, Mustafa"]
[Black "Somborski, Nebojsa"]
[Result "1-0"]
[WhiteElo "2630"]
[BlackElo "2310"]
[PlyCount "103"]
[EventDate "2018.08.31"]
[EventType "team-tourn"]
[EventRounds "11"]
[EventCountry "SRB"]
[SourceTitle "CBM 186 Extra"]
[Source "ChessBase"]
[SourceDate "2018.08.24"]
[SourceVersion "1"]
[SourceVersionDate "2018.08.24"]
[SourceQuality "1"]
[WhiteTeam "Novi Sad"]
[BlackTeam "Krajisnik Krajina"]
[WhiteTeamCountry "SRB"]
[BlackTeamCountry "SRB"]

1. d4 d5 2. c4 e6 3. Nc3 Be7 4. cxd5 exd5 5. Bf4 c6 6. e3 Bf5 7. Nge2 Nd7 8. h4 h5 9. Ng3 Bg6 10. Bd3 Bxd3 11. Qxd3 g6 12. e4 Nb6 13. 0-0-0 Qd7 14. Kb1 0-0-0 15. Qc2 Bd6 16. e5 Bc7 17. Rc1 a6 18. Bg5 f6 19. exf6 Qf7 20. Nge2 Nxf6 21. Rh3 Rdf8 22. Rf3 Qg7 23. Nf4 Bxf4 24. Bxf4 Nfd7 25. Qd3 Rf5 26. Re1 Qf7 27. g3 Nc4 28. b3 Nd6 29. Rfe3 Rxf4 30. gxf4 Nf5 31. Re6 Nxh4 32. Qg3 Nf5 33. Qxg6 Qxg6 34. Rxg6 h4 35. Rd1 h3 36. Ne2 h2 37. Rh1 Re8 38. Nc1 Nxd4 39. Rxh2 Nc5 40. Rg7 Nf5 41. Rgh7 Ne6 42. Nd3 c5 43. R2h5 c4 44. Rxf5 cxd3 45. Re5 d2 46. Kc2 Nd4+ 47. Kd1 Rg8 48. Rg5 Re8 49. Rgg7 Nf3 50. Rc7+ Kb8 51. Rxb7+ Kc8 52. Rhc7+ 1-0

[Event "SRB-chT"]
[Site "Valjevo"]
[Date "2018.09.01"]
[Round "2.1"]
[White "Somborski, Nebojsa"]
[Black "Berkes, Ferenc"]
[Result "0-1"]
[WhiteElo "2310"]
[BlackElo "2678"]
[PlyCount "118"]
[EventDate "2018.08.31"]
[EventType "team-tourn"]
[EventRounds "11"]
[EventCountry "SRB"]
[SourceTitle "CBM 186 Extra"]
[Source "ChessBase"]
[SourceDate "2018.08.24"]
[SourceVersion "1"]
[SourceVersionDate "2018.08.24"]
[SourceQuality "1"]
[WhiteTeam "Krajisnik Krajina"]
[BlackTeam "Subotica Spartak"]
[WhiteTeamCountry "SRB"]
[BlackTeamCountry "SRB"]

1. e4 c5 2. Nf3 e6 3. d4 cxd4 4. Nxd4 Nc6 5. Nc3 a6 6. Nxc6 bxc6 7. Bd3 d5 8. 0-0 Nf6 9. Re1 Be7 10. e5 Nd7 11. Na4 c5 12. c4 d4 13. b3 Bb7 14. Nb2 Qc7 15. Qe2 0-0 16. Be4 a5 17. Bf4 Rfb8 18. Rad1 Bxe4 19. Qxe4 Qb7 20. Qc2 Nf8 21. Rd3 Ng6 22. Rh3 Qc6 23. Bd2 Rb7 24. Qd1 Nh4 25. Rg3 Rd7 26. Qg4 g6 27. Bg5 Nf5 28. Rh3 h5 29. Qf4 Bf8 30. Rd3 Be7 31. Bxe7 Rxe7 32. Qg5 Qe8 33. Rh3 Ng7 34. Nd3 Rc7 35. Nb2 Qd8 36. Qxd8+ Rxd8 37. Rd3 Nf5 38. g3 Kg7 39. Na4 g5 40. h3 Rh8 41. Kg2 h4 42. g4 Ne7 43. Rf3 Ng6 44. Nb2 Ra8 45. Kf1 Rc6 46. Nd3 a4 47. Rb1 Rb6 48. b4 cxb4 49. c5 Rb5 50. Rxb4 Rxb4 51. Nxb4 Nxe5 52. Ra3 Kf6 53. Ke2 Ke7 54. Kd1 Kd7 55. Nc2 Nc6 56. Kd2 Ra5 57. Kd3 Rxc5 58. Rxa4 Rc3+ 59. Kd2 e5 0-1

[Event "SRB-ch sf"]
[Site "Zrenjanin"]
[Date "2018.02.20"]
[Round "7"]
[White "Somborski, Nebojsa"]
[Black "Velikic, Adela"]
[Result "0-1"]
[WhiteElo "2317"]
[BlackElo "2235"]
[PlyCount "134"]
[EventDate "2018.02.16"]
[EventType "swiss"]
[EventRounds "9"]
[EventCountry "SRB"]
[SourceTitle "CBM 183 Extra"]
[Source "ChessBase"]
[SourceDate "2018.04.19"]
[SourceVersion "1"]
[SourceVersionDate "2018.04.19"]
[SourceQuality "1"]

1. e4 c6 2. Nc3 d5 3. d4 dxe4 4. Nxe4 Bf5 5. Ng3 Bg6 6. h4 h6 7. Nf3 e6 8. Ne5 Bh7 9. Bd3 Bxd3 10. Qxd3 Nd7 11. f4 Be7 12. Bd2 Nxe5 13. fxe5 Bxh4 14. 0-0-0 Bxg3 15. Qxg3 Ne7 16. Bb4 Nf5 17. Qb3 Qd5 18. c4 Qe4 19. Rhe1 Qf4+ 20. Bd2 Qg3 21. Qxb7 0-0 22. Qb3 Qxb3 23. axb3 Nxd4 24. Bc3 Nxb3+ 25. Kc2 Rfb8 26. Rd7 Nc5 27. Rc7 Rc8 28. Rxc8+ Rxc8 29. Bd4 Nd7 30. b4 Rc7 31. Ra1 Nb6 32. Bxb6 axb6 33. Ra6 Rb7 34. c5 bxc5 35. bxc5 Rc7 36. Kd3 f6 37. exf6 gxf6 38. Ke4 Kf7 39. Ra8 f5+ 40. Kf4 Kf6 41. Rf8+ Rf7 42. Rc8 Ra7 43. Kf3 Ke5 44. Rxc6 Ra4 45. Rc8 Rc4 46. c6 Rc3+ 47. Kf2 Kd6 48. Rd8+ Kc7 49. Rh8 Rxc6 50. Rxh6 Kd6 51. Rh1 Rc4 52. Rd1+ Ke5 53. g3 Rd4 54. Ra1 Ke4 55. Re1+ Kd5 56. Ra1 e5 57. Ke3 Re4+ 58. Kf3 Rc4 59. Ra5+ Kd4 60. Ra2 Rc3+ 61. Kf2 Kd3 62. Ra5 Rc2+ 63. Kf1 Ke4 64. Ra4+ Kf3 65. Ra3+ Kg4 66. Re3 e4 67. Ra3 Rd2 0-1

[Event "Vojvodina-chT"]
[Site "Novi Sad"]
[Date "2017.11.18"]
[Round "7.2"]
[White "Hajder, Nedeljko"]
[Black "Somborski, Nebojsa"]
[Result "0-1"]
[WhiteElo "1868"]
[BlackElo "2326"]
[PlyCount "30"]
[EventDate "2017.11.13"]
[EventType "team-tourn"]
[EventRounds "11"]
[EventCountry "SRB"]
[SourceTitle "CBM 181 Extra"]
[Source "ChessBase"]
[SourceDate "2017.12.12"]
[SourceVersion "1"]
[SourceVersionDate "2017.12.12"]
[SourceQuality "1"]
[WhiteTeam "Gajdobra Hercegovac"]
[BlackTeam "Krajisnik Krajina"]
[WhiteTeamCountry "SRB"]
[BlackTeamCountry "SRB"]

1. d4 d5 2. c4 e6 3. Nf3 Nf6 4. e3 c5 5. Nc3 Nc6 6. Be2 dxc4 7. Bxc4 a6 8. a4 cxd4 9. exd4 Be7 10. 0-0 0-0 11. h3 Nb4 12. Ne5 Bd7 13. Re1 Rc8 14. Be3 Nfd5 15. Bd2 Rc7 0-1

[Event "Vojvodina-chT"]
[Site "Novi Sad"]
[Date "2017.11.17"]
[Round "6.2"]
[White "Somborski, Nebojsa"]
[Black "Kopasz, Robert"]
[Result "1/2-1/2"]
[WhiteElo "2326"]
[BlackElo "2265"]
[PlyCount "31"]
[EventDate "2017.11.13"]
[EventType "team-tourn"]
[EventRounds "11"]
[EventCountry "SRB"]
[SourceTitle "CBM 181 Extra"]
[Source "ChessBase"]
[SourceDate "2017.12.12"]
[SourceVersion "1"]
[SourceVersionDate "2017.12.12"]
[SourceQuality "1"]
[WhiteTeam "Krajisnik Krajina"]
[BlackTeam "Senta"]
[WhiteTeamCountry "SRB"]
[BlackTeamCountry "SRB"]

1. e4 g6 2. d4 Bg7 3. Nc3 d6 4. Nf3 Nf6 5. Be2 0-0 6. 0-0 a6 7. Re1 Nc6 8. d5 Nb8 9. a4 e5 10. dxe6 Bxe6 11. Nd4 Bd7 12. Bg5 h6 13. Be3 Re8 14. Qd2 Nc6 15. Nxc6 Bxc6 16. Bxh6 1/2-1/2